Scottish Energy Efficiency Office (Record no. 120227)

MARC details
000 -LEADER
fixed length control field 00808cam a2200193 4500
001 - CONTROL NUMBER
control field WS120480
008 - FIXED-LENGTH DATA ELEMENTS--GENERAL INFORMATION
fixed length control field 021115n 000 0 eng u
035 ## - SYSTEM CONTROL NUMBER
System control number (Sirsi) u120480
110 ## - MAIN ENTRY--CORPORATE NAME
Corporate name or jurisdiction name as entry element Scottish Energy Efficiency Office
9 (RLIN) 4383
245 ## - TITLE STATEMENT
Title Scottish Energy Efficiency Office
520 ## - SUMMARY, ETC.
Summary, etc. Web site for this Scottish organisation which aims to advice domestic and commercial energy users on how to save money on energy. Includes details of the climate change levy and how to cut energy waste.
650 ## - SUBJECT ADDED ENTRY--TOPICAL TERM
Topical term or geographic name entry element SCOTLAND
650 ## - SUBJECT ADDED ENTRY--TOPICAL TERM
Topical term or geographic name entry element ELECTRICITY
650 ## - SUBJECT ADDED ENTRY--TOPICAL TERM
Topical term or geographic name entry element HEATING
650 ## - SUBJECT ADDED ENTRY--TOPICAL TERM
Topical term or geographic name entry element GOVERNMENT
690 ## - LOCAL SUBJECT ADDED ENTRY--TOPICAL TERM (OCLC, RLIN)
Topical term or geographic name as entry element ENVIRONMENTAL AND LAND CONSULTANCY-ENERGY-ENERGY USE-ENERGY EFFICIENCY
856 40 - ELECTRONIC LOCATION AND ACCESS
Uniform Resource Identifier <a href="https://www.energy-efficiency.org">https://www.energy-efficiency.org</a>
Public note View the website free of charge at www.energy-efficiency.org...
942 ## - ADDED ENTRY ELEMENTS (KOHA)
Suppress in OPAC 0
Holdings
Withdrawn status Lost status Source of classification or shelving scheme Damaged status Not for loan Home library Current library Shelving location Date acquired Total Checkouts Full call number Barcode Date last seen Copy number Price effective from Koha item type
    Dewey Decimal Classification     Virtual Virtual Online 15/11/2002   WEB SITE 120480-2001 06/08/2019 1 06/08/2019 Online material